000 00445nam a2200121Ia 4500
008 220216s9999 xx 000 0 und d
100 _aYiyun Z
245 0 _aStudy of thermal carbon black N990 in tire applications
260 _bInternational Rubber Conference 1997. Rubber Science and Technology: Improving Quality of Life, Kuala Lumpur, Malaysia 6-9 Oct 1997; p440-447
650 _aThermal carbon black
700 _aMingdong W
942 _cJS
999 _c69823
_d69823